| Поле | Инд. | ПП | Название | Значение |
|---|---|---|---|---|
| Тип записи | a | |||
| Библиографический уровень | m | |||
| 001 | Контрольный номер | d56f0d72-bbd3-40d1-b7be-b83bbb2a00ae | ||
| 005 | Дата корректировки | 20140226235550.6 | ||
| 008 | Кодируемые данные | 020615 | ||
| 020 | a | ISBN | 5-7695-0327-0 | |
| c | Цена, тираж | 52.00 | ||
| 040 | a | Служба первич. каталог. | НБ ТвГУ | |
| 041 | a | Код языка текста | rus | |
| 080 | a | Индекс УДК | 53(075.8) | |
| 084 | a | Индекс другой классификации/Индекс ББК | В3я731-1 | |
| 090 | x | Авторский знак | С23 | |
| a | Полочн. индекс | В3 | ||
| 245 | 10 | a | Заглавие | Сборник вопросов и задач по общей физике |
| b | Продолж. заглавия | Учеб. пособие для студентов физ.-мат. фак. пед. ун-тов и ин-тов | ||
| c | Ответственность | [Авт.: Н. Г. Птицина, Н. В. Соина, Г. Н. Гольцман и др.]; Под ред. Е. М. Гершензона | ||
| 260 | 0_ | a | Место издания | Москва |
| b | Издательство | Academia | ||
| c | Дата издания | 1999 | ||
| 300 | a | Объем | 326,[1] c. | |
| b | Иллюстрации/ тип воспроизводства | ил. | ||
| 440 | a | Серия | Высшее образование | |
| 583 | a | Действие | Получение впервые 236 14.06.2002 | |
| k | Исполнитель действия | Взамен утраченных | ||
| 583 | a | Действие | Приписка 441 09.12.2004 | |
| k | Исполнитель действия | Взамен утраченных | ||
| 650 | a | Основная рубрика | Физика | |
| x | Основная подрубрика | Учебники для вузов | ||
| x | Основная подрубрика | Задачи | ||
| 653 | a | Ключевые слова | Физика | |
| a | Ключевые слова | Общая физика | ||
| a | Ключевые слова | Задачи | ||
| 700 | 1_ | a | Другие авторы | Птицина Н. Г. |
| e | Роль лиц | авт. | ||
| 700 | 1_ | a | Другие авторы | Соина Н. В. |
| e | Роль лиц | авт. | ||
| 700 | 1_ | a | Другие авторы | Гольцман Г. Н. |
| e | Роль лиц | авт. | ||
| 700 | 1_ | a | Другие авторы | Гусинский Э. Н. |
| e | Роль лиц | авт. | ||
| 700 | 1_ | a | Другие авторы | Филонович С. Р. |
| e | Роль лиц | авт. | ||
| 700 | 1_ | a | Другие авторы | Гершензон Е. М |
| e | Роль лиц | ред. | ||
| 852 | t | Порядковый номер экземпляра | 2 | |
| p | Инвентарный номер | 747620 | ||
| p | Инвентарный номер | 793322 54.00 | ||
| 863 | t | 00021324 | ||
| 888 | a | Бесплатные | ||
| 930 | a | Новая/Ретро | учебники | |
| 952 | p | 236.2002 52.00 1 747620 | ||
| p | 441.2004 54.00 1 793322 | |||
| c | Вид литературы | К ру | ||
| 954 | a | Дата поступления на обработку | 20020702 | |
| 999 | a | Подразделение 2 | Фил3 |